| 000 | 00592nam a22001457a 4500 | ||
|---|---|---|---|
| 003 | OSt | ||
| 005 | 20250830011458.0 | ||
| 008 | 250830b |||||||| |||| 00| 0 eng d | ||
| 040 |
_aDWCL-Main lib _cOC |
||
| 082 | _aFil. 340.13 K11 2005 | ||
| 245 |
_aKadunungan : _bAquinas University Professional Schools Graduate School Thesis and dissertations 2000-2004 compendium |
||
| 260 |
_aLegazpi City : _bStrategic Development Research Bureau, Aquinas University, _cc2005 |
||
| 300 |
_ax, 186 pages : _b22 cm. |
||
| 942 |
_2ddc _cBK - FIL _hFil. 340.13 K11 2005 _kFil. _n0 |
||
| 999 |
_c4381 _d4381 |
||